The golden ass / (Record no. 20918)
[ view plain ]
| 000 -LEADER | |
|---|---|
| fixed length control field | 01009cam a2200301ua 4500 |
| 001 - CONTROL NUMBER | |
| control field | 20918 |
| 003 - CONTROL NUMBER IDENTIFIER | |
| rucl marc code | BD-RjUL |
| 005 - DATE AND TIME OF LATEST TRANSACTION | |
| control field | 20211209000628.0 |
| 008 - FIXED-LENGTH DATA ELEMENTS--GENERAL INFORMATION | |
| fixed length control field | 140302r19601950mau b 001 1 eng d |
| 035 ## - SYSTEM CONTROL NUMBER | |
| System control number | (BD-RjUL)20980 |
| System control number | (NNC)4429814 |
| 040 ## - CATALOGING SOURCE | |
| Original cataloging agency | ODaWU |
| Transcribing agency | ODaWU |
| Modifying agency | m.c. |
| -- | NNUT |
| -- | CStRLIN |
| -- | BD-RjUL |
| Language of cataloging | eng |
| 041 1# - LANGUAGE CODE | |
| Language code of text/sound track or separate title | englat |
| Language code of original | lat |
| 082 00 - DEWEY DECIMAL CLASSIFICATION NUMBER | |
| Classification number | 823 |
| Author mark and year | APG 1960 |
| 090 ## - LOCALLY ASSIGNED LC-TYPE CALL NUMBER (OCLC); LOCAL CALL NUMBER (OCLC) | |
| Classification number (OCLC) (R) ; Classification number, CALL (RLIN) (NR) | PA3612.L2 |
| Local cutter number (OCLC) ; Book number/undivided call number, CALL (RLIN) | A68 |
| 100 0# - MAIN ENTRY--PERSONAL NAME | |
| Personal name | Apuleius, Lucius |
| 9 (RLIN) | 64609 |
| 245 14 - TITLE STATEMENT | |
| Title | The golden ass / |
| Statement of responsibility, etc. | Apuleius ; with an English translation by W. Adlington (1566) ; revised by S. Gaselee. |
| 260 ## - PUBLICATION, DISTRIBUTION, ETC. (IMPRINT) | |
| Place of publication, distribution, etc. | London : |
| Name of publisher, distributor, etc. | W. Heinemann, |
| Date of publication, distribution, etc. | 1950 [Reprinted 1960] |
| Date of manufacture | (1977 printing) |
| 300 ## - PHYSICAL DESCRIPTION | |
| Pagination | 298p. ; |
| Size | 17 cm. |
| 490 1# - SERIES STATEMENT | |
| Series statement | Loeb classical library. Latin authors ; |
| Volume/sequential designation | 44 |
| 500 ## - GENERAL NOTE | |
| General note | Latin and English on facing pages. |
| 504 ## - BIBLIOGRAPHY, ETC. NOTE | |
| Bibliography, etc | Bibliography: p. xi-xii. |
| 650 #0 - SUBJECT ADDED ENTRY--TOPICAL TERM | |
| Topical term or geographic name as entry element | Mythology, Classical -- Fiction. |
| 9 (RLIN) | 64610 |
| 700 1# - ADDED ENTRY--PERSONAL NAME | |
| Personal name | Graves, Robert |
| 830 #0 - SERIES ADDED ENTRY--UNIFORM TITLE | |
| Volume number/sequential designation | 44. |
| 830 #0 - SERIES ADDED ENTRY--UNIFORM TITLE | |
| Uniform title | Loeb classical library ; |
| 942 ## - ADDED ENTRY ELEMENTS (KOHA) | |
| Source of classification or shelving scheme | Dewey Decimal Classification |
| Koha item type | Books |
| Lost status | Source of classification or shelving scheme | Damaged status | Not for loan | Collection code | Permanent Location | Current Location | Shelving location | Date acquired | Source of acquisition | Total Checkouts | Full call number | Date last seen | Copy number | Koha item type |
|---|---|---|---|---|---|---|---|---|---|---|---|---|---|---|
| Dewey Decimal Classification | Added to bundle | Fiction | Central Library, University of Rajshahi | Central Library, University of Rajshahi | Reading Room | 23/10/1990 | Shaukat Osman Gift | 823 APG 1960 | 02/03/2014 | C-1 | Books |